| 000 | 00339nam a2200121Ia 4500 | ||
|---|---|---|---|
| 008 | 220216s9999 xx 000 0 und d | ||
| 245 | 0 | _aIndustrial crops in Asia | |
| 260 |
_bAgriculture Department Staff Paper - Asian Development Bank (Philippines) _c1993 |
||
| 300 | _a312p | ||
| 500 | _aSource Year: 1995 | ||
| 856 | _uATA | ||
| 942 | _cJS | ||
| 999 |
_c61158 _d61158 |
||